[Event "Titled Tuesday intern op 07th Jan Early"]
[Site "Chess.com INT"]
[Date "2025.01.07"]
[Round "1"]
[White "Baloglu, Dila"]
[Black "Chigaev, Maksim"]
[Result "0-1"]
[WhiteElo "1944"]
[BlackElo "2632"]
[PlyCount "134"]
[EventDate "2025.01.07"]
[EventType "swiss (blitz)"]
[EventRounds "11"]
[EventCountry "USA"]
[SourceTitle "CB03_2025"]
[SourceDate "2025.01.15"]
[SourceVersion "1"]
[SourceVersionDate "2025.01.15"]
[SourceQuality "1"]

1. e4 c5 2. Nf3 e6 3. d4 cxd4 4. Nxd4 Nf6 5. Nc3 Nc6 6. Nxc6 bxc6 7. e5 Nd5 8. Ne4 Bb7 9. Be2 c5 10. 0-0 Qc7 11. Nd6+ Bxd6 12. exd6 Qc6 13. c4 Nc3 14. Bf3 Qxf3 15. Qxf3 Bxf3 16. bxc3 Be2 17. Re1 Bxc4 18. Ba3 Rc8 19. Rab1 Bd5 20. Bxc5 a6 21. a4 f6 22. Rb6 Kf7 23. Bb4 a5 24. Bxa5 Ra8 25. Rb5 Bc6 26. Rc5 Bxa4 27. Rb1 Rhb8 28. Rb4 Bc6 29. h3 Rxb4 30. cxb4 Rb8 31. Bc7 Ra8 32. b5 Bd5 33. b6 Ra1+ 34. Kh2 Rb1 35. Ra5 Bc6 36. Ra7 e5 37. Kg3 g5 38. f3 Ke6 39. Ra5 Rb2 40. Rc5 Bb7 41. Rc3 h5 42. h4 gxh4+ 43. Kxh4 Rxg2 44. Kxh5 Rg3 45. Ra3 Rg1 46. Ra7 Bxf3+ 47. Kh4 Rb1 48. Kg3 Rb3 49. Kf2 Bc6 50. Ra1 f5 51. Rg1 f4 52. Rg6+ Kf5 53. Rg7 e4 54. Rf7+ Ke5 55. Re7+ Kf6 56. Re8 e3+ 57. Ke2 Rb2+ 58. Kd3 Kf5 59. Kd4 Rb1 60. Rf8+ Kg4 61. Ke5 Rb5+ 62. Kd4 e2 63. Re8 f3 64. Kd3 Rb3+ 65. Kd2 Rb2+ 66. Ke1 Rb1+ 67. Kf2 Rf1+ 0-1

[Event "Titled Tuesday intern op 07th Jan Early"]
[Site "Chess.com INT"]
[Date "2025.01.07"]
[Round "4"]
[White "Baloglu, Dila"]
[Black "Pastor Carvajal, Jeigoth"]
[Result "1-0"]
[WhiteElo "1944"]
[BlackElo "2088"]
[PlyCount "59"]
[EventDate "2025.01.07"]
[EventType "swiss (blitz)"]
[EventRounds "11"]
[EventCountry "USA"]
[SourceTitle "CB03_2025"]
[SourceDate "2025.01.15"]
[SourceVersion "1"]
[SourceVersionDate "2025.01.15"]
[SourceQuality "1"]

1. e4 e5 2. Nf3 d6 3. Nc3 Nf6 4. Bc4 Be7 5. d4 Nbd7 6. 0-0 0-0 7. Re1 c6 8. h3 b5 9. Bb3 a5 10. a4 b4 11. Nb1 Bb7 12. Bg5 h6 13. Bh4 Qc7 14. Nbd2 c5 15. dxe5 Nxe5 16. Nxe5 dxe5 17. Qe2 Rad8 18. Rad1 Bc6 19. f3 Rd7 20. Nc4 Rfd8 21. Bg3 Nh5 22. Bxe5 Qa7 23. Rxd7 Rxd7 24. Rd1 Rxd1+ 25. Qxd1 Bg5 26. Qd6 Be8 27. Qb8 Qd7 28. Nd6 Bd8 29. Nxe8 Qxe8 30. Bc7 1-0

[Event "Titled Tuesday intern op 17th Sep Late"]
[Site "Chess,com INT"]
[Date "2024.09.17"]
[Round "2"]
[White "Baloglu, Dila"]
[Black "Perera Gonzalez, Pablo"]
[Result "1-0"]
[WhiteElo "1944"]
[BlackElo "2104"]
[PlyCount "69"]
[EventDate "2024.09.17"]
[EventType "swiss (blitz)"]
[EventRounds "11"]
[EventCountry "USA"]
[SourceTitle "EXT 2025"]
[Source "ChessBase"]
[SourceDate "2024.10.14"]
[SourceVersion "1"]
[SourceVersionDate "2024.10.14"]
[SourceQuality "1"]

1. e4 e5 2. Nf3 Nc6 3. Bc4 Bc5 4. b4 Bxb4 5. c3 Be7 6. d4 Na5 7. Bxf7+ Kxf7 8. Nxe5+ Kf8 9. Qf3+ Bf6 10. g4 d6 11. Nd3 h6 12. h4 Ke8 13. g5 hxg5 14. hxg5 Rxh1+ 15. Qxh1 Bxg5 16. Qh5+ Kf8 17. Bxg5 Qe8 18. Qf3+ Qf7 19. Qg3 Nf6 20. Nd2 Qh5 21. Bxf6 gxf6 22. Qf3 Qxf3 23. Nxf3 Kf7 24. 0-0-0 Bg4 25. Nde1 Re8 26. e5 dxe5 27. dxe5 fxe5 28. Rd5 Nc6 29. Ng5+ Kf6 30. Ne4+ Kf5 31. f3 Bxf3 32. Ng3+ Ke6 33. Rd2 Rg8 34. Nh5 Bxh5 35. Rh2 1-0

[Event "Titled Tuesday intern op 17th Sep Late"]
[Site "Chess,com INT"]
[Date "2024.09.17"]
[Round "5"]
[White "Pulpan, Jakub"]
[Black "Baloglu, Dila"]
[Result "1-0"]
[WhiteElo "2392"]
[BlackElo "1944"]
[PlyCount "71"]
[EventDate "2024.09.17"]
[EventType "swiss (blitz)"]
[EventRounds "11"]
[EventCountry "USA"]
[SourceTitle "EXT 2025"]
[Source "ChessBase"]
[SourceDate "2024.10.14"]
[SourceVersion "1"]
[SourceVersionDate "2024.10.14"]
[SourceQuality "1"]

1. d4 Nf6 2. c3 g6 3. Bg5 Bg7 4. Nd2 d5 5. e3 Nbd7 6. Ngf3 0-0 7. h3 c5 8. Be2 b6 9. a4 Bb7 10. a5 bxa5 11. Qa4 Qb6 12. Bb5 Rfd8 13. Qxa5 a6 14. Bxd7 Nxd7 15. Qxb6 Nxb6 16. Bxe7 Rdc8 17. Bxc5 Nd7 18. Bb4 a5 19. Rxa5 Rxa5 20. Bxa5 Ba6 21. Kd1 f5 22. Kc2 Bb5 23. Ra1 Nf6 24. Bb4 Ne4 25. Nxe4 fxe4 26. Ne5 Re8 27. Ra5 Bf1 28. Rxd5 Bxg2 29. h4 Bf6 30. h5 gxh5 31. Nd7 Bg7 32. Rg5 Rd8 33. Nf6+ Kh8 34. Nxh5 Bf3 35. Nxg7 h6 36. Rg3 1-0

[Event "Titled Tuesday intern op 27th Aug Early"]
[Site "Chess.com INT"]
[Date "2024.08.27"]
[Round "9"]
[White "Baloglu, Dila"]
[Black "Montano Vicente, Guadalupe"]
[Result "0-1"]
[WhiteElo "1944"]
[BlackElo "1950"]
[PlyCount "64"]
[EventDate "2024.08.27"]
[EventType "swiss (blitz)"]
[EventRounds "11"]
[EventCountry "USA"]
[SourceTitle "EXT 2025"]
[Source "ChessBase"]
[SourceDate "2024.10.14"]
[SourceVersion "1"]
[SourceVersionDate "2024.10.14"]
[SourceQuality "1"]

1. d4 Nf6 2. Nf3 g6 3. Nc3 d5 4. Bf4 c6 5. e3 Bg7 6. Be2 0-0 7. h4 h5 8. Ne5 Nbd7 9. f3 Nxe5 10. Bxe5 Ne8 11. Bxg7 Nxg7 12. Qd2 Re8 13. 0-0-0 b5 14. g4 Qa5 15. gxh5 Nxh5 16. f4 b4 17. Nb1 Ng3 18. Rhg1 Ne4 19. Qe1 Bf5 20. h5 Nf6 21. hxg6 fxg6 22. Bd3 Bxd3 23. Rxd3 Kf7 24. a3 Rab8 25. axb4 Qxb4 26. Qxb4 Rxb4 27. c3 Rb6 28. Rd2 Ne4 29. Rdg2 c5 30. Nd2 Nxd2 31. Rxd2 c4 32. Rg5 Rd8 0-1

[Event "Titled Tuesday intern op 27th Aug Early"]
[Site "Chess.com INT"]
[Date "2024.08.27"]
[Round "3"]
[White "Baloglu, Dila"]
[Black "Nimay, Agrawal"]
[Result "0-1"]
[WhiteElo "1944"]
[BlackElo "1936"]
[PlyCount "72"]
[EventDate "2024.08.27"]
[EventType "swiss (blitz)"]
[EventRounds "11"]
[EventCountry "USA"]
[SourceTitle "EXT 2025"]
[Source "ChessBase"]
[SourceDate "2024.10.14"]
[SourceVersion "1"]
[SourceVersionDate "2024.10.14"]
[SourceQuality "1"]

1. b4 d5 2. Bb2 Bf5 3. e3 e6 4. a3 Nf6 5. c4 h6 6. Nf3 c6 7. Nc3 Be7 8. d3 Nbd7 9. Be2 0-0 10. 0-0 Bh7 11. Rc1 e5 12. Qb3 Nb6 13. Nxe5 Qc7 14. f4 dxc4 15. dxc4 Ne4 16. c5 Nd7 17. Nxe4 Bxe4 18. Bc4 Nxe5 19. Bxe5 Qd7 20. h3 Rad8 21. Rcd1 Qf5 22. g4 Qg6 23. f5 Qg5 24. Bf4 Qh4 25. Kh2 Bg5 26. Bg3 Rxd1 27. Rxd1 Qxg3+ 28. Kxg3 h5 29. Kh2 hxg4 30. Kg1 gxh3 31. Rd7 Bh4 32. Bxf7+ Kh8 33. Qd1 Bg5 34. Qh5+ Bh6 35. Bg6 Bd5 36. f6 Rxf6 0-1

[Event "Titled Tuesday intern op 27th Aug Early"]
[Site "Chess.com INT"]
[Date "2024.08.27"]
[Round "8"]
[White "Vovk, Orest"]
[Black "Baloglu, Dila"]
[Result "1-0"]
[WhiteElo "2315"]
[BlackElo "1944"]
[PlyCount "87"]
[EventDate "2024.08.27"]
[EventType "swiss (blitz)"]
[EventRounds "11"]
[EventCountry "USA"]
[SourceTitle "EXT 2025"]
[Source "ChessBase"]
[SourceDate "2024.10.14"]
[SourceVersion "1"]
[SourceVersionDate "2024.10.14"]
[SourceQuality "1"]

1. h4 d5 2. h5 Nc6 3. e4 dxe4 4. Nc3 Nf6 5. Rh4 e5 6. Nxe4 Nxe4 7. Rxe4 Bf5 8. Ra4 Bc5 9. Bb5 0-0 10. Bxc6 bxc6 11. d3 Re8 12. Be3 Bd4 13. Bxd4 exd4+ 14. Kf1 c5 15. Qf3 Qd7 16. Ra5 Bg4 17. Qg3 Qf5 18. h6 Rab8 19. f3 Rxb2 20. Qxg4 Qxg4 21. fxg4 Rxc2 22. Rxa7 gxh6 23. Rxc7 Re3 24. Rd1 Kg7 25. a4 Re5 26. Nf3 Ree2 27. Nh4 Rf2+ 28. Kg1 Kf6 29. Rf1 Rxf1+ 30. Kxf1 Ra2 31. Rxc5 Rxa4 32. Rf5+ Kg7 33. Rf4 Ra1+ 34. Kf2 Ra2+ 35. Kg1 Rd2 36. Rxd4 Kf6 37. Kh2 h5 38. g5+ Kg7 39. Rd7 Rf2 40. Nf3 Kg6 41. d4 h4 42. d5 Kf5 43. Rxf7+ Kg4 44. Rxh7 1-0

[Event "Titled Tuesday intern op 20th Aug Early"]
[Site "Chess.com INT"]
[Date "2024.08.20"]
[Round "6"]
[White "Baloglu, Dila"]
[Black "Caku, Kler"]
[Result "1-0"]
[WhiteElo "1944"]
[BlackElo "1859"]
[PlyCount "99"]
[EventDate "2024.08.20"]
[EventType "swiss (blitz)"]
[EventRounds "11"]
[EventCountry "USA"]
[SourceTitle "EXT 2025"]
[Source "ChessBase"]
[SourceDate "2024.10.14"]
[SourceVersion "1"]
[SourceVersionDate "2024.10.14"]
[SourceQuality "1"]

1. d4 d5 2. Nf3 e6 3. Bf4 c5 4. e3 Nc6 5. Nbd2 Nf6 6. c3 a6 7. Bd3 b5 8. 0-0 Be7 9. Ne5 Nxe5 10. dxe5 Nd7 11. e4 Nb6 12. Re1 Bb7 13. Bg3 h5 14. h3 Qd7 15. b3 0-0-0 16. Qf3 Bg5 17. Nf1 h4 18. Bh2 d4 19. c4 Kb8 20. cxb5 axb5 21. a4 c4 22. bxc4 bxc4 23. a5 Na4 24. Bxc4 Nc3 25. a6 Ba8 26. a7+ Kc7 27. Qd3 Qc6 28. f4 Be7 29. Nd2 Bc5 30. Ra6 Qb7 31. Nb3 Bb6 32. f5 Kd7 33. fxe6+ fxe6 34. Rf1 Ke7 35. Bf4 Qxe4 36. Bg5+ Kd7 37. Rf7+ Kc8 38. Qxe4 Bxe4 39. Rxb6 Rd7 40. Bxe6 Kc7 41. Rxd7+ Kxb6 42. Nxd4 Ra8 43. Be3 Rxa7 44. Nb3+ Kb5 45. Rxa7 Kb4 46. Nc5 Ne2+ 47. Kf2 Ng3 48. Ra4+ Kc3 49. Nxe4+ Nxe4+ 50. Rxe4 1-0

[Event "Titled Tuesday intern op 20th Aug Early"]
[Site "Chess.com INT"]
[Date "2024.08.20"]
[Round "11"]
[White "Baloglu, Dila"]
[Black "Fiorito, Francisco"]
[Result "1-0"]
[WhiteElo "1944"]
[BlackElo "2416"]
[PlyCount "51"]
[EventDate "2024.08.20"]
[EventType "swiss (blitz)"]
[EventRounds "11"]
[EventCountry "USA"]
[SourceTitle "EXT 2025"]
[Source "ChessBase"]
[SourceDate "2024.10.14"]
[SourceVersion "1"]
[SourceVersionDate "2024.10.14"]
[SourceQuality "1"]

1. e4 c5 2. Nf3 Nc6 3. d4 cxd4 4. Nxd4 Nf6 5. Nc3 d6 6. Bg5 Bd7 7. Qd2 Rc8 8. f4 Qa5 9. Nb3 Qb4 10. Bd3 h6 11. Bxf6 gxf6 12. 0-0 h5 13. a3 Qb6+ 14. Kh1 Nd4 15. Nd5 Nxb3 16. cxb3 Qxb3 17. Rac1 Rc6 18. Nc7+ Kd8 19. Nd5 Qa4 20. b3 Qxa3 21. Ra1 Qc5 22. Rfc1 Qd4 23. Qa5+ Ke8 24. Nc7+ Rxc7 25. Qxc7 e6 26. Bb5 1-0

[Event "Titled Tuesday intern op 20th Aug Late"]
[Site "Chess.com INT"]
[Date "2024.08.20"]
[Round "9"]
[White "Baloglu, Dila"]
[Black "Korpics, Zsolt"]
[Result "1-0"]
[WhiteElo "1944"]
[BlackElo "2300"]
[PlyCount "63"]
[EventDate "2024.08.20"]
[EventType "swiss (blitz)"]
[EventRounds "11"]
[EventCountry "USA"]
[SourceTitle "EXT 2025"]
[Source "ChessBase"]
[SourceDate "2024.10.14"]
[SourceVersion "1"]
[SourceVersionDate "2024.10.14"]
[SourceQuality "1"]

1. f4 e5 2. fxe5 d6 3. exd6 Bxd6 4. Nf3 g5 5. g3 g4 6. Nh4 Be7 7. Ng2 h5 8. d4 h4 9. Bf4 hxg3 10. Bxg3 Nf6 11. Nc3 Nh5 12. Bf2 f5 13. Qd3 Bg5 14. e3 Be6 15. d5 Bd7 16. 0-0-0 Na6 17. Kb1 Bf6 18. e4 f4 19. e5 Bg7 20. Qg6+ Kf8 21. e6 Be8 22. Qxg4 Qf6 23. Bd4 Qg6 24. Qf3 Bxd4 25. Rxd4 c5 26. Nxf4 Nxf4 27. Rxf4+ Ke7 28. Bd3 Qg7 29. Rf1 Kd6 30. Ne4+ Kc7 31. d6+ Kb6 32. Nc3 1-0